| 000 | 00824cac a22002411u 4500 | ||
|---|---|---|---|
| 090 | _c6902 | ||
| 008 | 081104t1993 xxu||||| |||| 00| 0 eng d | ||
| 010 | _a92049187 | ||
| 020 | _a0415007895 (hb) | ||
| 082 | 0 | 0 |
_a150.195 _bPLA |
| 100 | _aPlaut, Fred. | ||
| 245 | 1 | 0 |
_aAnalysis analysed : _bwhen the map becomes the territory / _cFred Plaut. |
| 260 |
_aLondon ; _aNew York : _bRoutledge, _cc.1993. |
||
| 300 |
_axx, 369 p. : _bill. ; _c24 cm. |
||
| 500 | _aDistributer: Al-Ahram. | ||
| 504 | _aIncludes bibliographical references (p. [346]-352) and index. | ||
| 511 | _aCatalogued By: Mahitab. | ||
| 650 | 0 |
_aPsychoanalysis _xPhilosophy. |
|
| 650 | 0 | _aPsychoanalytic Theory. | |
| 650 | 0 | _aPsychoanalytic Therapy. | |
| 942 |
_cBB _k150.195PLA _2ddc |
||
| 999 |
_c6902 _d6902 |
||